McDonald’s Menu Items (UK) - Statistics

General Stats
  • This quiz has been taken 48 times
  • The average score is 7 of 112
Answer Stats
Answer % Correct
Big Mac
92%
Cheeseburger
49%
Hamburger
38%
Large Fries
38%
Medium Fries
38%
Small Fries
38%
Filet-O-Fish
27%
Double Cheeseburger
24%
Quarter Pounder with Cheese
24%
McChicken Sandwich
22%
McCrispy
19%
Chocolate Milkshake
16%
McSpicy
16%
Sausage and Egg McMuffin
16%
Triple Cheeseburger
16%
6 Chicken McNuggets
14%
Diet Coke
14%
Hash Brown
14%
Mayo Chicken
14%
Oreo McFlurry
14%
Strawberry Milkshake
14%
Bacon and Egg McMuffin
11%
Banana Milkshake
11%
Latte
11%
Smarties McFlurry
11%
Vanilla Milkshake
11%
Double Quarter Pounder with Cheese
8%
Hot Chocolate
8%
McPlant
8%
Side Salad
8%
9 Chicken McNuggets
5%
Bacon Double Cheeseburger
5%
Cappuccino
5%
Flat White
5%
Pineapple Stick
5%
Sugar Donut
5%
3 Chicken Selects
3%
5 Chicken Selects
3%
Bacon Mayo Chicken
3%
Black Coffee
3%
Carrot Bag
3%
Chocolate Brownie
3%
Double Espresso
3%
Egg and Cheese McMuffin
3%
Maltesers McFlurry
3%
Mango & Pineapple Smoothie
3%
Pancakes and Syrup
3%
Porridge
3%
Single Espresso
3%
Toffee Apple Donut
3%
Vegetable Deluxe
3%
White Coffee
3%
20 Chicken McNuggets Sharebox
0%
4 Chicken McNuggets Happy Meal
0%
Bacon Roll with Brown Sauce
0%
Bacon Roll with Ketchup
0%
BBQ Dip
0%
Breakfast Roll with Brown Sauce
0%
Breakfast Roll with Ketchup
0%
Breakfast Wrap with Brown Sauce
0%
Breakfast Wrap with Ketchup
0%
Caramel Iced Frappé
0%
Cheeseburger Happy Meal
0%
Cheesy Bacon Flatbread
0%
Coca-Cola Classic
0%
Coca-Cola Zero Sugar
0%
Crispy Chicken and Bacon Salad
0%
Crispy Chicken Salad
0%
Double Bacon and Egg McMuffin
0%
Double Sausage and Egg McMuffin
0%
Fanta Orange Zero
0%
Fish Fingers Happy Meal
0%
Frozen Strawberry Lemonade
0%
Grilled Chicken and Bacon Salad
0%
Grilled Chicken Salad
0%
Hamburger Happy Meal
0%
Hot Apple Pie
0%
Ketchup Dip
0%
Maltesers Mini McFlurry
0%
Mighty McMuffin with Brown Sauce
0%
Mighty McMuffin with Ketchup
0%
Mixed Berry Muffin
0%
Nestle Pure Life Spring Water
0%
Oasis Zero
0%
Oreo Mini McFlurry
0%
Organic Semi Skimmed Milk
0%
Pancakes and Sausage
0%
PG tips Tea
0%
Porridge with Jam
0%
Porridge with Lyle’s Golden Syrup
0%
Porridge with Sugar
0%
Robinsons Fruit Shoot Blackcurrant and Apple
0%
Smarties Mini McFlurry
0%
Smoky Barbeque Dip
0%
Sour Cream and Chive Dip
0%
Sprite Zero Sugar
0%
Sweet Chilli Dip
0%
Sweet Curry Dip
0%
Sweet & Sour Dip
0%
The BBQ & Bacon Chicken One (Crispy)
0%
The BBQ & Bacon Chicken One (Grilled)
0%
The Caesar & Bacon Chicken One (Crispy)
0%
The Caesar & Bacon Chicken One (Grilled)
0%
The Spicy Veggie One
0%
The Sweet Chilli Chicken One (Crispy)
0%
The Sweet Chilli Chicken One (Grilled)
0%
Toasted Muffin with Jam
0%
Toffee Latte
0%
Triple Chocolate Cookie
0%
Tropicana Orange Juice
0%
Veggie Dippers
0%
Veggie Dippers Happy Meal
0%
No matching quizzes found
Score Distribution
Percent of People with Each Score
Percentile by Number Answered
Your Score History
You have not taken this quiz